Successful writing. Upper intermediate.
Uloženo v:
| Hlavní autor: | |
|---|---|
| Médium: | Neznámo |
| Jazyk: | angličtina |
| Vydáno: |
Berkshire, United Kingdom:
Express Publishing ,
2004.
|
| Vydání: | New edition. |
| Témata: | |
| Tagy: |
Přidat tag
Žádné tagy, Buďte první, kdo vytvoří štítek k tomuto záznamu!
|
MARC
| LEADER | 00000 a2200000 4500 | ||
|---|---|---|---|
| 003 | CL-VaPUC | ||
| 005 | 20230308090446.0 | ||
| 008 | 230110t2004 ||||| |||| 00| 0 eng d | ||
| 999 | |c 439191 |d 439189 | ||
| 020 | |a 978-1842168783 | ||
| 040 | |c Pontificia Universidad Católica de Valparaíso | ||
| 082 | 7 | |a 428.24 EVA 2004 |2 22 | |
| 100 | |a Evans, Virginia |9 877919 |e author | ||
| 245 | 1 | |a Successful writing. |b Upper intermediate. | |
| 250 | |a New edition. | ||
| 260 | |a Berkshire, United Kingdom: |b Express Publishing , |c 2004. | ||
| 300 | |a 135 páginas. | ||
| 583 | |k GC |c 20230110 | ||
| 650 | 0 | |a Lengua inglesa |9 453712 |v Composición y ejercicios | |
| 942 | |2 ddc |c BK | ||
| 952 | |0 0 |1 0 |2 ddc |4 0 |6 428_240000000000000_EVA_2004 |7 0 |8 A |9 588589 |a BIBEDU |b BIBEDU |d 2023-01-06 |e 74 |g 27420.00 |i 5656362 |o 428.24 EVA 2004 |p 5656362 |r 2023-01-06 |t 1 |v 27420.00 |w 2023-01-06 |y BK |k LIT | ||